Les entraîneurs du LOSC au XXIème siècle - Statistiques

Statistiques générales
  • Ce quiz a été pris 357 fois
    173 depuis la dernière actualisation
  • Le résultat moyen est 9 sur 15
Statistiques - réponses
Date Entraîneur % Correct
2024- Bruno Génésio
96%
2017-2021 Christophe Galtier
92%
2022-2024 Paulo Fonseca
91%
2008-2013 Rudi Garcia
84%
2021-2022 Jocelyn Gourvennec
79%
2017 Marcelo Bielsa
77%
2002-2008 Claude Puel
62%
2015-2016 Frédéric Antonetti
60%
2013-2015 René Girard
56%
2015 Hervé Renard
55%
1998-2002 Vahid Halilhodžić
51%
2017 Franck Passi
49%
2015 et 2017 (Intérim) Patrick Collot
29%
2017 (Intérim) João Sacramento
17%
2001-2002 (Intérim) Bruno Baronchelli
4%
Aucun quiz correspondant
Distribution des résultats
% des personnes avec chaque résultat
Percentile par nombre de réponses
Votre historique - résultats
Vous n’avez pas pris ce quiz depuis la dernière actualisation